000 00683nam a2200217Ii 4500
003 JO-AjNU
008 230606s9999||||xx |||||||||||||| ||und||
020 _a0-13-245323-1/978-0-13-245323-3
040 _aJO-AjNU
_beng
_erda
_cJO-AjNU
041 _aeng
050 1 4 _aHD30.2.T87.2011
100 3 _aTurban,Efraim/Ramessh Shaeda/Dursun Delen/Jay E.Aronson/Ting-Peng Liang/David King,
_eauthor
_9527
245 0 0 _aDECISION SUPPORT AND BUSINESS INTELLIGENCE SYSTEMS
250 _a9th ed
264 3 1 _aBoston: PEARSON,2011
300 _a696p
336 _atext
_btxt
_2rdacontent
337 _aunmediated
_bn
_2rdamedia
338 _avolume
_bnc
_2rdacarrier
650 4 _abusiness
_9528
999 _aE280
_c280
_d280